Countries with 4 Letter Capitals - Sudden Death - Statistics

General Stats
  • This quiz has been taken 373 times
  • The average score is 10 of 14
Answers on the Grid
Answers color-coded by a green-red scale on the quiz's grid according to % correct below.
Australia
Azerbaijan
Bolivia
Canada
Chile
Eritrea
Fiji
Indonesia
Italy
Jordan
Latvia
Maldives
Micronesia
Nauru
Nepal
Niger
Nigeria
Norway
Papua Newguinea
Peru
Qatar
Samoa
Senegal
South Sudan
Southafrica
Switzerland
Timor-Leste
Togo
Ukraine
Vietnam
 
Answer Stats
Answer % Correct
Italy
90%
Norway
90%
Ukraine
88%
Peru
86%
Switzerland
80%
Latvia
76%
Azerbaijan
73%
Qatar
72%
Maldives
64%
Fiji
61%
Timor-Leste
59%
Togo
59%
South Sudan
55%
Samoa
54%
No matching quizzes found
Score Distribution
Percent of People with Each Score
Percentile by Number Answered
Your Score History
You have not taken this quiz